Normal view
MARC view
Entry Personal Name
001 - CONTROL NUMBER
- control field: 6599
003 - CONTROL NUMBER IDENTIFIER
- control field: OSt
005 - DATE AND TIME OF LATEST TRANSACTION
- control field: 20190626055345.0
008 - FIXED-LENGTH DATA ELEMENTS
- fixed length control field: 190626|| aca||aabn | a|a d
040 ## - CATALOGING SOURCE
- Original cataloging agency: OSt
- Transcribing agency: OSt
100 ## - HEADING--PERSONAL NAME
- Personal name: Mckay, Catherine
670 ## - SOURCE DATA FOUND
- Source citation: Work cat.: (OSt): Sandfort, Jodi 6594, Performance management regimes in practice: examining the local agencies implementing temporary assistance for needy families, 2019
